Cohomology for quantum groups via the geometry of the nullcone

Αποθηκεύτηκε σε:
Λεπτομέρειες βιβλιογραφικής εγγραφής
Άλλοι συγγραφείς: Bendel, Christopher P. 1969-
Μορφή: Βιβλίο
Γλώσσα:English
Δημοσίευση: Providence, R.I. : American Mathematical Society, c2013.
Σειρά:Memoirs of the American Mathematical Society ; 1077
Θέματα:
Ετικέτες: Προσθήκη ετικέτας
Δεν υπάρχουν, Καταχωρήστε ετικέτα πρώτοι!

MARC

LEADER 00000nam a2200000 a 4500
001 1/108040
008 150821t2013####riu| ||| |||| ||eng||
020 |a 9780821891759 
040 |a GR-MyUa  |b gre  |c GR-MyUa  |e AACR2 
041 0 |a eng 
082 7 |a 512.55   |2 (23)  
245 1 0 |a Cohomology for quantum groups via the geometry of the nullcone /   |c Christopher P. Bendel...[κ. ά.].  
260 |a Providence, R.I. :   |b American Mathematical Society,   |c c2013.  
300 |a ix, 93 σ. :   |b πιν. ;   |c 26 εκ.  
490 1 |a (Memoirs of the American Mathematical Society)   |v ; 1077 
504 |a Βιβλιογραφία: σ. 89-93.  
650 0 |a Cohomology operations 
650 0 |a Algebraic topology 
700 1 |a Bendel, Christopher P.  |d 1969- 
830 0 |a Memoirs of the American Mathematical Society ;  |v 1077 
852 |a INST  |b SAMOS  |e 20150821  |h 512.55 COH  |p 005300042538  |q 005300042538  |t BK  |y 0 
922 |a 3ΕΛΗ  |b 2015-04  |c Τμήμα Μαθηματικών  |d Διαδρομές 
970 |a Κοσιέρης  |b Χρήστος  |z 21-08-2015